00938cam a22002531 450000100060000000300080000600500170001400800410003103500200007203500180009204000410011004100080015108200230015910000430018224500880022526000580031330000340037150400420040565100230044770000430047094200120051399900170052595201420054228113BD-RjUL20211209051235.0140329s1965 cauabc b 001 0 eng d a(BD-RjUL) 28194 a(OCoLC)414821 aDLCcODaWUdOCoLCdDLCdBD-RjULbeng aeng00a309.1691bTHM 19651 aThompson, Virginia,d1903-1990.98618414aThe Malagasy Republic: Madagascar today /cby Virginia Thompson and Richard Adloff. aStanford, Calif. :bStanford University Press,c1965. axvi, 504 p. :bill. ;c24 cm. aBibliography: p. [485]-494. and Index 0aMadagascar.9861851 aAdloff, Richard,ejoint author.986186 2ddccBK c28113d28113 00102ddc40728NFICaRUCLbRUCLcReadingd1970-06-30eZeitlingerg12.50l0o309.1691 THM 1965r2014-03-29 00:00:00tC-1w2021-12-09yBK